000
00302nam a22001217a 4500
008
230619b xxu||||| |||| 00| 0 eng d
082
_a
301.45
_b
WES
100
_c
Richard West
245
_a
The White Tribes of Africa
260
_a
London
_b
W& jmackay & Co. ltd
_c
1965
300
_a
188p
942
_2
ddc
_c
BK
999
_c
1280
_d
1280